000 00635nam a2200193Ia 4500
008 220216s9999 xx 000 0 und d
100 _aWijesuriya B W
245 0 _aInteractions between the environment society and technology: Smallholder rubber sector in Sri Lanka
260 _bProceedings of the XXIInd International Biometric Conference, Cairns, Australia, 2004
650 _aSmallholder rubber sector
650 _aSri Lanka
700 _aAbeywardene O V
700 _aDissanayake D M A P
700 _aEdirisinghe J C
700 _aHerath H M L K
700 _aWijeratne M
856 _uCopy of article
942 _cJS
999 _c61507
_d61507